| 000 | 01054nam a22003137a 4500 | ||
|---|---|---|---|
| 001 | 435 | ||
| 003 | FISKH | ||
| 005 | 20230421081347.0 | ||
| 008 | 230421b cb ||||| |||| 00| 0 eng d | ||
| 020 | _a9780394831299 | ||
| 040 |
_aDLC _cDLC _dDLC _dFISKH _beng |
||
| 042 | _alcac | ||
| 050 | 0 | 0 |
_aPZ8.3.G276 _bOh |
| 082 | 0 | 0 | _a813.54 |
| 100 | 1 |
_aGeisel, Theodor Seuss _cDr. |
|
| 245 | 1 | 0 |
_aOh, the thinks you can think! / _cBy Dr. Seuss. |
| 260 |
_aNew York : _bBeginner Books, _c1975 |
||
| 300 |
_a21 leaves of plates : _bcol. ill. ; _c24 cm. |
||
| 505 | _aF | ||
| 520 | _aRelates in verse some of the unusual thinks you can think if only you try. | ||
| 521 | 8 |
_a360
_bLexile |
|
| 521 | 8 |
_aF
_bRaz-Plus |
|
| 650 | 1 | _aStories in rhyme. | |
| 650 | 1 | _aFantasy. | |
| 856 | 4 | 2 |
_3Contributor biographical information _uhttp://www.loc.gov/catdir/bios/random051/75001602.html |
| 856 | 4 | 2 |
_3Publisher description _uhttp://www.loc.gov/catdir/description/random0413/75001602.html |
| 906 |
_a7 _bcbc _corignew _d1 _eocip _f19 _gy-gencatlg |
||
| 942 |
_2ddc _cBK _n0 |
||
| 999 |
_c435 _d435 |
||